<?xml version="1.0" encoding="UTF-8"?>
<record
    xmlns:xsi="http://www.w3.org/2001/XMLSchema-instance"
    xsi:schemaLocation="http://www.loc.gov/MARC21/slim http://www.loc.gov/standards/marcxml/schema/MARC21slim.xsd"
    xmlns="http://www.loc.gov/MARC21/slim">

  <leader>01901nam a22002537a 4500</leader>
  <controlfield tag="003">OSt</controlfield>
  <controlfield tag="005">20231115130530.0</controlfield>
  <controlfield tag="008">160901b        xxu||||| |||| 00| 0 esp d</controlfield>
  <datafield tag="040" ind1=" " ind2=" ">
    <subfield code="c">DO-SdBJH</subfield>
    <subfield code="a">DO-SdBJH</subfield>
    <subfield code="b">spa</subfield>
  </datafield>
  <datafield tag="090" ind1=" " ind2=" ">
    <subfield code="a">TG EGCEMA</subfield>
    <subfield code="b">00617 2013</subfield>
  </datafield>
  <datafield tag="100" ind1="1" ind2=" ">
    <subfield code="a">Villatoro Molina, Marvin </subfield>
    <subfield code="e">sustentante</subfield>
  </datafield>
  <datafield tag="245" ind1="1" ind2="0">
    <subfield code="a">Mejoramiento de la capacidad operacional de la Fuerza A&#xE9;rea Guatemalteca en caso de desastres naturales y antropogenicos, mediante la reactivaci&#xF3;n de la reserva a&#xE9;rea, a partir del a&#xF1;o 2015 / </subfield>
    <subfield code="c">Marvin Villatoro Molina, asesores  Sergio Cruz Contreras, Eddy Bienvenido Ceballos G&#xFA;zman</subfield>
  </datafield>
  <datafield tag="260" ind1=" " ind2=" ">
    <subfield code="a">Santo Domingo Este :</subfield>
    <subfield code="b">INSUDE, </subfield>
    <subfield code="c">2013</subfield>
  </datafield>
  <datafield tag="300" ind1=" " ind2=" ">
    <subfield code="a">xxiii, 87 p&#xE1;ginas, ilustraciones-gr&#xE1;ficas y tablas</subfield>
  </datafield>
  <datafield tag="502" ind1=" " ind2=" ">
    <subfield code="a">Tesis (Especialidad en Comando y Estado Mayor A&#xE9;reo). -- Instituto Superior para la Defensa (INSUDE). Escuela de Graduados de Estudios Aeron&#xE1;uticos, 2013.</subfield>
  </datafield>
  <datafield tag="504" ind1=" " ind2=" ">
    <subfield code="a">Incluye referencias bibliogr&#xE1;ficas e &#xED;ndices</subfield>
  </datafield>
  <datafield tag="505" ind1=" " ind2=" ">
    <subfield code="a">Fundamentos legales, que sustentan el apoyo de la Fuerza A&#xE9;rea Guatemalteca, a la poblaci&#xF3;n civil en caso de fen&#xF3;meno Naturales y antropog&#xE9;nicos. -- Recursos humanos y materiales con que cuenta la Fuerza A&#xE9;rea Guatemalteca y la aviaci&#xF3;n civil, para apoyar a la poblaci&#xF3;n en caso de fen&#xF3;menos naturales y antropogenicos. -- An&#xE1;lisis de los resultados de la investigaci&#xF3;n, para fundamentar. -- La importancia de la reactivaci&#xF3;n de la reserva a&#xE9;rea del ej&#xE9;rcito de Guatemalteca, a partir del a&#xF1;o 2015.
</subfield>
  </datafield>
  <datafield tag="650" ind1=" " ind2="4">
    <subfield code="a">Fuerza A&#xE9;rea Dominicana.  Escuela de Graduados-Fuerza A&#xE9;rea Guatemalteca-ayuda militar-poblaci&#xF3;n civil </subfield>
  </datafield>
  <datafield tag="650" ind1=" " ind2="4">
    <subfield code="a">Desastres naturales -- Rep&#xFA;blica de Guatemala</subfield>
  </datafield>
  <datafield tag="700" ind1="1" ind2=" ">
    <subfield code="a">Cruz Contreras, Sergio</subfield>
    <subfield code="e">asesor</subfield>
  </datafield>
  <datafield tag="700" ind1="1" ind2=" ">
    <subfield code="a">Ceballos G&#xFA;zman, Eddy Bienvenido</subfield>
    <subfield code="e"> asesor</subfield>
  </datafield>
  <datafield tag="830" ind1=" " ind2=" ">
    <subfield code="a">INSUDE.  Escuela de Graduados de Estudios Aeron&#xE1;uticos.  Tesis y disertaciones acad&#xE9;micas</subfield>
  </datafield>
  <datafield tag="942" ind1=" " ind2=" ">
    <subfield code="2">CL</subfield>
    <subfield code="c">T</subfield>
  </datafield>
  <datafield tag="999" ind1=" " ind2=" ">
    <subfield code="c">856</subfield>
    <subfield code="d">856</subfield>
  </datafield>
  <datafield tag="952" ind1=" " ind2=" ">
    <subfield code="0">0</subfield>
    <subfield code="1">0</subfield>
    <subfield code="2">CL</subfield>
    <subfield code="4">0</subfield>
    <subfield code="7">1</subfield>
    <subfield code="8">TG</subfield>
    <subfield code="a">BJHA</subfield>
    <subfield code="b">BJHA</subfield>
    <subfield code="d">2016-09-01</subfield>
    <subfield code="i">13-00617</subfield>
    <subfield code="l">0</subfield>
    <subfield code="o">TG EGCEMA 00617 2013</subfield>
    <subfield code="p">13-00617</subfield>
    <subfield code="r">2018-10-06 00:00:00</subfield>
    <subfield code="t">e.1</subfield>
    <subfield code="w">2016-09-01</subfield>
    <subfield code="y">T</subfield>
  </datafield>
  <datafield tag="952" ind1=" " ind2=" ">
    <subfield code="0">0</subfield>
    <subfield code="1">0</subfield>
    <subfield code="2">ddc</subfield>
    <subfield code="4">0</subfield>
    <subfield code="7">0</subfield>
    <subfield code="8">CG</subfield>
    <subfield code="a">BEGCEMA</subfield>
    <subfield code="b">BEGCEMA</subfield>
    <subfield code="d">2019-08-19</subfield>
    <subfield code="i">IMESA20008</subfield>
    <subfield code="l">0</subfield>
    <subfield code="o">TG EGCEMA 00617 2013</subfield>
    <subfield code="p">IMESA20008</subfield>
    <subfield code="r">2019-08-19 00:00:00</subfield>
    <subfield code="t">ej:1</subfield>
    <subfield code="w">2019-08-19</subfield>
    <subfield code="y">T</subfield>
  </datafield>
</record>
